Statistics for Snooker players

Click here to take the quiz!

General Stats

  • This quiz has been taken 350 times
  • The average score is 17 of 30

Answer Stats

InitialsName% Correct
RORonnie O'Sullivan
98%
MWMark Williams
92%
NRNeil Robertson
90%
JTJudd Trump
89%
MSMark Selby
86%
JHJohn Higgins
83%
DJDing Junhui
81%
SMShaun Murphy
77%
MAMark Allen
73%
BHBarry Hawkins
71%
SBStuart Bingham
70%
ACAli Carter
69%
PEPeter Ebdon
66%
SDSteve Davis
63%
SHStephen Hendry
59%
KWKyren Wilson
57%
MFMarco Fu
56%
MDMark Davis
47%
MKMark King
45%
MSMatthew Stevens
45%
SMSteven Maguire
44%
GDGraeme Dott
43%
LBLuca Brecel
39%
RDRyan Day
28%
RWRicky Walden
27%
JPJoe Perry
25%
MGMartin Gould
25%
LWLiang Wenbo
22%
AMAnthony McGill
20%
LHLiam Highfield
10%

Score Distribution

Percentile by Number Answered

Percent of People with Each Score

Your Score History

You have not taken this quiz